| 000 | 00833nam a2200217 i 4500 | ||
|---|---|---|---|
| 001 | 41526 | ||
| 003 | ES-MaACL | ||
| 005 | 20251004063100.0 | ||
| 007 | t| | ||
| 008 | 030311s1955 sp ||||1| spa d | ||
| 100 | 1 |
_aCarballo Calero, Ricardo, _d1910-1990 _935008 |
|
| 245 | 1 | 0 |
_aAportaciones a la literatura gallega contemporánea / _cRicardo Carballo Calero. |
| 260 |
_aMadrid : _bGredos, _c[1955] ( _fGráf. Valera) |
||
| 300 |
_a227 p. ; _c21 cm. |
||
| 490 | 1 |
_aBiblioteca románica hispánica ; _vII. Estudios y ensayos ; 25 |
|
| 650 | 4 |
_aLiteratura gallega- _yS.XIX- _xHistoria y crítica. _9158617 |
|
| 650 | 4 |
_aLiteratura gallega- _yS.XX- _xHistoria y crítica. _9163218 |
|
| 830 | 1 |
_aBiblioteca románica hispánica ; _vII. Estudios y ensayos ; 25 _9180746 |
|
| 852 |
_aES-MaACL _jC-10400 |
||
| 999 |
_c41526 _d41526 |
||